000 00361 a2200169 4500
001 160182
020 _a85-08-02603-X
040 _cMagnum
100 _aMonteiro, José Maviael
240 1 0 _aOs barcos de papel
_lpor
245 1 0 _aOs barcos de papel
300 _a79
362 0 _a1994
440 1 _aÁtica
697 _aLITERATURA JUVENIL
942 _cBK
999 _c160182
_d160182